Об упразднении Комиссии по организации центральных курсов по переподготовке женщин-членов Советов

Доступно только в Электронных читальных залах Найти на картеНа карте
RUSMARC
00003815nac2a22002653x 450
0018c721347-6298-47d6-bdec-8f26037a19e3
00520230624093400.0
100##$a20230605l1929 k y0rusy50 ca
1010#$arus
102##$aRU
105##$ay z |||||
1220#$ad19290630
2001#$aОб упразднении Комиссии по организации центральных курсов по переподготовке женщин-членов Советов
$jИюнь 1929
215##$a2 листа
$d38,5 х 24,5
251##$cДело
300##$aВ деле обратная нумерация
300##$aМашинописный и рукописный текст
324##$aКопии
461#0$1001796d4672-8a00-4986-b488-6e42273792cc
$12001
$aЦЕНТРАЛЬНЫЙ ИСПОЛНИТЕЛЬНЫЙ КОМИТЕТ СССР (ЦИК СССР).
$1251
$cФонд
$1852
$gР
$j3316
462#0$10016e6e8ba4-e15f-4ad4-8937-f1e88c150bfe
$12001
$aДела Секретариата Президиума ЦИК Союза ССР. 1929 г.
$vД. 23
$1251
$cОпись
$1852
$j22
60101$3RU\NLR\AUTH\880357276
$aСССР
$bЦИК
60102$aКомиссия по организации центральных курсов по переподготовке женщин-членов Советов
801#0$aRU
$bGA_RF
801#1$aRU
$bГлавНИВЦ
$c20230605
$2rusmarc
801#2$aRU
$bПБ им. Б.Н. Ельцина
$c20230624
$gRCR
$2rusmarc
852##$aГА РФ
$j23
937##$d185700293
$hГАРФ
035##$aRuPRLIB51071820
856##$uhttp://readingroom.main.prlib.ru/item.aspx?id_node=n185700293&mode=full
Формат отображения